| 000 | 00547nam a2200157 4500 | ||
|---|---|---|---|
| 999 |
_c14855 _d14855 |
||
| 008 | 200117b ||||| |||| 00| 0 eng d | ||
| 022 | _a2094-8042 | ||
| 082 | _aDPer 370.105 M72 Jan-Dec 2012 v. 60-61 | ||
| 100 |
_aLincod, Nenita P. _941237 |
||
| 240 | _aThe modern teacher | ||
| 245 |
_aA lesson plan in english 4 on communicative language teaching; _bCLT/ _cNenita P. Lincod. |
||
| 260 |
_aPhilippines: _bIn the Grade School, Inc., _c©2012. |
||
| 300 |
_av61 n6, pages 211-212; _b28 cm. |
||
| 500 | _aThe Modern Teacher. | ||
| 942 |
_2ddc _cPER |
||